| 000 | 00629cam a2200277 4500 | ||
|---|---|---|---|
| 001 | B1340 | ||
| 008 | 090401t1987 xxu||||| |||| 00| 0 eng d | ||
| 035 | _a(Sirsi) u43806 | ||
| 041 | _aeng | ||
| 050 | _a346.410435 | ||
| 100 | _aParker, R.R. | ||
| 245 | _aCommercial pipelines | ||
| 260 |
_aLondon _bCountry Landowners Association _c1987 |
||
| 300 | _a12p. ; 21cm. | ||
| 350 | _a0 | ||
| 490 |
_aCLA Publication _vA17/87 |
||
| 650 | _aCOMPENSATION | ||
| 650 | _aEASEMENTS | ||
| 650 | _aGAS | ||
| 650 | _aLAW | ||
| 650 | _aOIL | ||
| 650 | _aSEWERS | ||
| 650 | _aWATER MAINS | ||
| 942 | _n0 | ||
| 948 | _c04/03/1997 | ||
| 999 |
_c91388 _d91388 |
||